00701nam a2200181 a 450000100100000000500170001000800410002704000250006808200160009310000280010924500510013726000500018830000210023804900090025995201140026895201200038299900170050200002749920200930030859.0110401s1908 dr 000 0 spa d aDO-SdBNPbspacBNPHU axxxxbM828b1 aMorales, Alfredo95458410aBosquejo político social /cAlfredo Morales. aSanto Domingo :bLa Cuna de América,c1908. a213 p. ;c20 cm. aBNPD 0010718PDaPDbPDcCTd2011-04-01iLF1l0oxxxx M828bp27499-10r2020-06-25w2020-06-25yLFPDZNo se presta 0010718PDaPDbPDcCTd2011-04-05iLF1l0oxxxx M828bp27499-20r2020-06-25te. 2w2020-06-25yLFPDZNo se presta c26991d26991